000 01310nab a22002297a 4500
999 _c5874
_d5874
003 OSt
005 20260109012624.0
008 190514b xxu||||| |||| 00| 0 spa d
040 _cPJ
100 _96756
_aAndriola, Karina A.
245 1 3 _aLa fijación de alimentos provisorios a favor de niños, niñas y adolescentes :
_bentre la urgencia y la desigualdad estructural /
_cKarina A. Andriola, Ciro L. Battistina.
300 _ap. 11-19
505 _aSumario: I. Introducción: ¿por qué se vuelve relevante hablar de alimentos “provisorios”?— II. Alimentos provisorios: ¿entre su recepción normativa y su importancia?— III. Pautas para su fijación.— IV. Proceso (a los fijes de fijar alimentos provisorios). ¿Un análisis comparativo entre las provincias de Chubut y Buenos Aires?— V. Algunas reflexiones: ¿la construcción de un ABC posible?.
505 _tSi te interesa el texto, comunicate a koha@justierradelfuego.gov.ar
600 0 _96757
650 0 _9967
_aDERECHO DE FAMILIA
650 0 _92741
_aDERECHOS DE LAS NIÑAS, NIÑOS Y ADOLESCENTES
650 0 _96320
_aALIMENTOS PROVISORIOS
700 _96757
_aBattistina, Ciro L.
_ecoautor
773 0 _02844
_93222
_dBuenos Aires : AbeledoPerrot, 1989-
_tDerecho de familia. N° 121 - Septiembre 2025
_z18511201
942 _2udc
_cANA